| 000 | 00706cam a2200217 a 4500 | ||
|---|---|---|---|
| 001 | 3416625 | ||
| 005 | 20180301090429.0 | ||
| 008 | 900608s1991 ilu 000 0 eng | ||
| 010 | _a 90040786 | ||
| 020 |
_a1556521294 (paper) : _c$11.95 |
||
| 040 |
_aDLC _cDLC _dDLC |
||
| 041 | _aeng | ||
| 080 | _a808.06692 DAN | ||
| 082 | 0 | 0 |
_a808.06692 DAN _220 |
| 100 | 1 | _a25 | |
| 101 | _aEDU | ||
| 245 | 1 | 0 |
_aHow to write your own life story : _cLois Daniel. |
| 906 |
_a7 _bcbc _corignew _d1 _eocip _f19 _gy-gencatlg |
||
| 942 |
_2ddc _cBK |
||
| 999 |
_c43882 _d43882 |
||